Presupuestos (Registro nro. 4020)
[ vista simple ]
| 000 -CABECERA | |
|---|---|
| Longitud fija campo de control | 00943nam a2200253 b 4500 |
| 001 - NÚMERO DE CONTROL | |
| Número de control | 00000000095050 |
| 003 - IDENTIFICADOR DELl NÚMERO DE CONTROL | |
| Identificador del número de control | OSt |
| 005 - FECHA Y HORA DE LA ÚLTIMA TRANSACCIÓN | |
| Fecha y hora de la última transacción | 20131114175846.0 |
| 008 - CÓDIGOS DE INFORMACIÓN DE LONGITUD FIJA | |
| Códigos de información de longitud fija | 020226s2005 mex spa |
| 020 ## - NÚMERO INTERNACIONAL NORMALIZADO PARA LIBROS | |
| Número Internacional Normalizado para Libros (ISBN) | 970-26-0551-2 |
| 040 ## - FUENTE DE LA CATALOGACIÓN | |
| Centro catalogador de origen | VA-BCL |
| Lengua de catalogación | , spa |
| Centro transcriptor | BMC |
| 082 ## - NÚMERO DE LA CLASIFICACIÓN DECIMAL DEWEY | |
| Númeroo de clasificación | 658.154 |
| 245 00 - MENCIÓN DE TÍTULO | |
| Título | Presupuestos |
| Resto del título | : planificación y control de utilidades |
| Mención de responsabilidad, etc. | Glenn A. Welsch ... [et al.] ; traducción, Julián Vázquez Prada Gutiérrez ; revisión técnica, Lourdes Linares Castro |
| 250 ## - MENCIÓN DE EDICIÓN | |
| Mención de edición | 6ª ed |
| 260 ## - PUBLICACIÓN, DISTRIBUCIÓN, ETC. (PIE DE IMPRENTA) | |
| Lugar de publicación, distribución, etc. | Naucalpan de Juárez (México) [etc.] |
| Nombre del editor, distribuidor, etc. | Pearson Educación |
| Fecha de publicación, distribución, etc. | 2005 |
| 300 ## - DESCRIPCIÓN FÍSICA | |
| Extensión | XX, 474 p. |
| Dimensiones | 26 cm |
| Material anejo | + 1 disco compacto |
| 500 ## - NOTA GENERAL | |
| Nota general | Índice: p. [471]-474 |
| 594 ## - NOTA AL TÍTULO Y MENCIÓN DE RESPONSABIBLIDAD | |
| Nota Al Título Y Mención De Responsabilidad | Traducción de: Budgeting : profit planning and control, 5th ed. |
| 650 24 - PUNTO DE ACCESO ADICIONAL DE MATERIA - TÉRMINO DE MATERIA | |
| Término de materia o nombre geográfico como elemento inicial | Control presupuestario |
| 9 (RLIN) | 9171 |
| 700 1# - PUNTO DE ACCESO ADICIONAL - NOMBRE DE PERSONA | |
| Nombre de persona | Welsch, Glenn A. |
| 9 (RLIN) | 9172 |
| 700 1# - PUNTO DE ACCESO ADICIONAL - NOMBRE DE PERSONA | |
| Nombre de persona | Vázquez Prada, Julián |
| 9 (RLIN) | 9175 |
| 700 1# - PUNTO DE ACCESO ADICIONAL - NOMBRE DE PERSONA | |
| Nombre de persona | Linares Castro, Lourdes |
| 9 (RLIN) | 9176 |
| 942 ## - ENTRADA DE ELEMENTOS AGREGADOS (KOHA) | |
| Fuente de clasificaión o esquema | Dewey Decimal Classification |
| Koha [por defecto] tipo de item | 1- Monografias |
| Suprimido | Perdido | Fuente de clasificación o esquema | Estropeado | Restricciones de uso | No para préstamo | Código de colección | Localización permanente | Localización actual | Localización en estanter&íacute;as | Fecha adquisición | Fuente de adquisición | Número de inventario | Préstamos totales | Renovaciones totales | Signatura completa | Código de barras | Fecha última consulta | Fecha último préstamo | Coste, precio reemplazado | Fecha del precio de reemplazo | Tipo de item de Koha |
|---|---|---|---|---|---|---|---|---|---|---|---|---|---|---|---|---|---|---|---|---|---|
| NULL | NULL | Dewey Decimal Classification | NULL | Prestable | NULL | NULL | Biblioteca Centro Regional de Ilobasco | Biblioteca Centro Regional de Ilobasco | Sala Principal | 18/06/2015 | UNICAES | LI000474 | 5 | 2 | 658.154 PRE | 1031975 | 17/02/2025 | 10/09/2024 | 24.59 | 18/06/2015 | 1- Monografias |
| NULL | NULL | Dewey Decimal Classification | NULL | Prestable | NULL | NULL | Biblioteca Centro Regional de Ilobasco | Biblioteca Centro Regional de Ilobasco | Sala Principal | 18/06/2015 | UNICAES | LI000475 | 7 | 658.154 PRE | 1031976 | 10/10/2024 | 09/10/2024 | 24.59 | 18/06/2015 | 1- Monografias | |
| NULL | NULL | Dewey Decimal Classification | NULL | Prestable | NULL | NULL | Biblioteca Centro Regional de Ilobasco | Biblioteca Centro Regional de Ilobasco | Sala Principal | 18/06/2015 | UNICAES | LI000476 | 1 | 658.154 PRE | 1031977 | 14/07/2021 | 08/08/2019 | 24.59 | 18/06/2015 | 1- Monografias | |
| NULL | NULL | Dewey Decimal Classification | NULL | Prestable | NULL | NULL | Biblioteca Miguel de Cervantes - UNICAES | Biblioteca Miguel de Cervantes - UNICAES | Sala Principal | 14/09/2011 | Donación - Facultad de Ciencias Empresariales | 006902 | 19 | 1 | 658.154 PRE | 1006902 | 15/04/2024 | 15/04/2024 | 24.59 | 12/11/2013 | 1- Monografias |
| NULL | NULL | Dewey Decimal Classification | NULL | Prestable | NULL | NULL | Biblioteca Miguel de Cervantes - UNICAES | Biblioteca Miguel de Cervantes - UNICAES | Sala Principal | 21/01/2012 | Donación - Facultad de Ciencias Empresariales | 006935 | 16 | 1 | 658.154 PRE | 1006935 | 17/10/2019 | 14/09/2019 | 24.59 | 13/11/2013 | 1- Monografias |
| NULL | NULL | Dewey Decimal Classification | NULL | Prestable | NULL | NULL | Biblioteca Miguel de Cervantes - UNICAES | Biblioteca Miguel de Cervantes - UNICAES | Sala Principal | 14/09/2011 | Donación - Facultad de Ciencias Empresariales | 007429 | 3 | 1 | 658.154 PRE | 1007429 | 28/01/2016 | 14/01/2016 | 24.59 | 19/11/2013 | 1- Monografias |